National Competitiveness in the Sustainability Context

Tento výskum skúma národnú konkurencieschopnosť prostredníctvom rámca Globálneho indexu udržateľnej konkurencieschopnosti (GSCI) a prepája ho s HDP na obyvateľa. Pomocou kvalitatívnej porovnávacej analýzy (fsQCA) analyzuje kauzálnu komplexnosť údajov GSCI. Empirické zistenia poskytujú riešenia pre k...

Descrizione completa

Salvato in:
Dettagli Bibliografici
Autore principale: Yu, Tiffany Hui-Kuang
Altri autori: Huarng, Kun-Huang
Natura: Capitolo di libro
Lingua:inglese
Soggetti:
Tags: Aggiungi Tag
Nessun Tag, puoi essere il primo ad aggiungerne!!

MARC

LEADER 00000naa a2200000 4500
001 0310828
005 20250618143920.5
041 0 |a eng 
044 |a CZ 
245 1 0 |a National Competitiveness in the Sustainability Context  |c Tiffany Hui-Kuang Yu, Kun-Huang Huarng 
520 |a Tento výskum skúma národnú konkurencieschopnosť prostredníctvom rámca Globálneho indexu udržateľnej konkurencieschopnosti (GSCI) a prepája ho s HDP na obyvateľa. Pomocou kvalitatívnej porovnávacej analýzy (fsQCA) analyzuje kauzálnu komplexnosť údajov GSCI. Empirické zistenia poskytujú riešenia pre krajiny s rôznymi úrovňami HDP na dosiahnutie vysokej alebo nízkej konkurencieschopnosti. 
610 2 0 |a udržateľnosť 
610 2 0 |a konkurencieschopnosť 
610 2 0 |a produkt národný hrubý 
100 1 |a Yu, Tiffany Hui-Kuang 
700 1 |a Huarng, Kun-Huang